01387cam a22003374i 4500003000900000005001700009008004100026035001900067040003300086082002000119100004200139245004900181264004900230300002800279336002100307337002500328338002300353505054000376526001000916526001000926526001000936526001000946526000800956526000800964526000800972526000800980526000800988526000800996526000801004650003701012PE-LiUPU20250731173141.0150623s r 000 0 d a(Sirsi) a27382 aPE-LiUPUbspacPE-LiUPUerda04a231.74bD972211 aDulles, Avery Robert,d1918-,eautor.10aModels of revelation /cAvery Robert Dulles. 1aGarden City, New York :bImage Books,c1985. a344 páginas ;c21 cm. atext2rdacontent aunmediated2rdamedia avolume2rdacarrier0 aThe problem of revelation. The use of models in revelation theology. Model one: revelation as doctrine. Model two: revelation as history. Model three: revelation as inner experience. Model four: revelation as dialectical presence. Model five: revelation as new awareness. The models compared. Symbolic mediation. Christ the summit of revelation. Revelation and the religions. The bible: document of revelation. The church: bearer of revelation. Revelation and eschatology. The acceptance of revelation. Revelation at its present value. aSEG42 aSEG41 aSEG40 aSEG39 aP94 aP87 aP86 aP85 aP77 aP76 aP3504aRevelationxEstudio comparativo.